000 01210nam a22002777a 4500
001 0000000826
003 PPM
005 20251208101318.0
008 251208b ||||| |||| 00| 0 eng d
020 _cRM 92.75
_qHardback
035 _a0000000826
040 _aPPM
_bEng
_cPusat Penyelidikan Mineral, Jabatan Mineral Dan Geosains Malaysia
_dPPM
_erda
082 0 0 _219
_a622.752
_bFLO 1976
111 0 _aGaudin (A. M.) Memorial Flotation Symposium, 1976.
_c Rapid City, S.D.,
245 1 4 _aFlotation : A. M. Gaudin Memorial Volume 1 /
_cedited by M. C. Fuerstenau
260 1 _aNew York :
_bAmerican Institute of Mining, Metallurgical, and Petroleum Engineers,
_c1976
300 0 0 _axv, 621 pages .:
_bgraph, illustrations .;
_c23 cm
500 _a "This volume was originated by the Mineral Processing Division of the Society of Mining Engineers of AIME."
504 _aIncludes bibliographical references and indexes
600 1 0 _2Gaudin, Antoine Marc,
_d1900-1974.
650 1 0 _aFlotation
_xCongresses
700 1 _aGaudin, Antoine Marc,
_d1900-1974.
700 1 _aFuerstenau, Maurice C.
_eeditor
710 2 _aSociety of Mining Engineers of AIME.
_bMineral Processing Division.
942 _2ddc
_cBK
999 _c27039
_d27039